| 000 | 004850000a22001450004500 | ||
|---|---|---|---|
| 090 |
_aAR _b04773 |
||
| 100 | 1 |
_aVan Den Bussche, Ronald A. _994498 |
|
| 700 | 1 |
_aWillig, Michael R. _994581 |
|
| 700 | 1 |
_aChesser, Ronald K. _998932 |
|
| 700 | 1 |
_aWaide, Robert _998933 |
|
| 245 | 1 | 0 | _aGenetic variation and systematics of four taxa of Neotropical walking sticks (Phasmatodea: Phasmatidae) |
| 041 | 0 | _aInglés | |
| 942 | _cARTICULO | ||
| 773 | 1 |
_tProc. Entomol. Soc. Wash. _h4 _q422-427 _d1988 _g90 |
|
| 999 |
_c13873 _d13873 |
||